Score 0/26 Timer 03:00
1 Play Today
Rolling Stones Song Missing Word % Correct
(I Can't Get No) ___Satisfaction
95.5%
Honky ___ WomenTonk
93.9%
You Can't ___ Get What You WantAlways
93.2%
Jumpin' ___ FlashJack
89.2%
Let's Spend the Night ___Together
84.4%
Mother's ___ HelperLittle
83.9%
Paint It, ___Black
82.1%
___ and a Hard PlaceRock
80.2%
___ It BleedLet
79.7%
Beast of ___Burden
73%
___ ShelterGimme
72.6%
___ Is on My SideTime
72.6%
Ruby ___Tuesday
72.4%
Rolling Stones Song Missing Word % Correct
It's ___ Rock 'n Roll (But I Like It)Only
72%
Brown ___Sugar
70.8%
___ for the DevilSympathy
67.5%
___ Me UpStart
63.3%
___ My ThumbUnder
61.9%
Get Off of My ___Cloud
61%
Wild ___Horses
59.6%
19th ___ BreakdownNervous
45.8%
Miss ___You
30.8%
___ RescueEmotional
29.4%
Waiting on a ___Friend
28.5%
Harlem ___Shuffle
27.1%
___ JaneLady
23.4%

Today's Daily Dose

Missing Word
'T' Pairs

Word Ladder
Game Pieces

Get the Picture
Baseball Movies

Remove Ads.
Support Sporcle.
Get the best of Sporcle when you Go Orange. This ad-free experience offers more features, more stats, and more fun while also helping to support Sporcle. Thank you for becoming a member.

You're not logged in!

Compare scores with friends on all Sporcle quizzes.
OR
Log In

Show Comments

Extras

Top Quizzes Today


Score Distribution

Your Account Isn't Verified!

In order to create a playlist on Sporcle, you need to verify the email address you used during registration. Go to your Sporcle Settings to finish the process.

Report this User

Report this user for behavior that violates our Community Guidelines.

Details: